000 01401nam a2200313 a 4500
001 000267155
003 AM-YeHGA
005 20250618071758.0
008 030930s1991 ai r 000 0 rus d
020 _a5545007881
040 _aAM-YeHGA
041 0 _arus
245 0 0 _aКлиника и лечение нарушений ритма сердца /
_cПод ред. К.Г. Адамяна, А.Б. Казаряна, А.К. Стародубцева.
260 _aЕреван :
_bЛуйс,
_c1991.
300 _a133 с. :
_bил.
504 _aБиблиогр.: с. 129-134
650 1 4 _aМедицина
650 1 4 _aКардиология
650 1 4 _aСердца ритм
_vПатофизиология
650 1 4 _aСердце
_vИннервация
650 1 4 _aАритмия
_vКлассификация
_vДиагноз
_vТерапия
650 1 4 _aДиагностика сердечно-сосудистых заболеваний
650 1 4 _aПротивоаритмические средства
_vТерапевтическое применение
700 1 _aԱդամյան, Կարլեն Գրիգորի,
_d1937-
_eред.
_4edt
700 1 _aՂազարյան, Անդրանիկ Բորիսի,
_d1954-2001
_eред.
_4edt
_99389
700 1 _aСтародубцев, Алексей Константинович
_eред.
_4edt
942 _2udc
_cBK
090 _c98550
999 _c97244
_d97244